Stress, strain, and structural dynamics : (Record no. 534102)

000 -LEADER
fixed length control field 01004cam a22002654a 4500
001 - CONTROL NUMBER
control field 13734050
003 - CONTROL NUMBER IDENTIFIER
control field NUST
005 - DATE AND TIME OF LATEST TRANSACTION
control field 20200131145118.0
008 - FIXED-LENGTH DATA ELEMENTS--GENERAL INFORMATION
fixed length control field 040928s2005 ne a b 001 0 eng
010 ## - LIBRARY OF CONGRESS CONTROL NUMBER
LC control number 2004022861
020 ## - INTERNATIONAL STANDARD BOOK NUMBER
International Standard Book Number 0127877673 (acidfree)
040 ## - CATALOGING SOURCE
Original cataloging agency DLC
Transcribing agency DLC
Modifying agency DLC
042 ## - AUTHENTICATION CODE
Authentication code pcc
082 00 - DEWEY DECIMAL CLASSIFICATION NUMBER
Classification number 624.17
Author Mark YAN
100 1# - MAIN ENTRY--PERSONAL NAME
Personal name Yang, Bingen.
9 (RLIN) 28237
245 10 - TITLE STATEMENT
Title Stress, strain, and structural dynamics :
Remainder of title an interactive handbook of formulas, solutions, and MATLAB toolboxes /
Statement of responsibility, etc. Bingen Yang.
260 ## - PUBLICATION, DISTRIBUTION, ETC.
Place of publication, distribution, etc. Amsterdam ;
-- Boston, Mass. :
Name of publisher, distributor, etc. Elsevier Academic Press,
Date of publication, distribution, etc. c2005.
300 ## - PHYSICAL DESCRIPTION
Extent xvii, 942 p. ;
Other physical details ill. ;
Dimensions 27 cm. +
504 ## - BIBLIOGRAPHY, ETC. NOTE
Bibliography, etc. note Includes bibliographical references and index.
650 #0 - SUBJECT ADDED ENTRY--TOPICAL TERM
Topical term or geographic name entry element Strains and stresses.
9 (RLIN) 28238
650 #0 - SUBJECT ADDED ENTRY--TOPICAL TERM
Topical term or geographic name entry element Structural dynamics.
9 (RLIN) 10008
856 41 - ELECTRONIC LOCATION AND ACCESS
Materials specified Table of contents only
Uniform Resource Identifier <a href="http://www.loc.gov/catdir/toc/ecip051/2004022861.html">http://www.loc.gov/catdir/toc/ecip051/2004022861.html</a>
856 42 - ELECTRONIC LOCATION AND ACCESS
Materials specified Publisher description
Uniform Resource Identifier <a href="http://www.loc.gov/catdir/enhancements/fy0617/2004022861-d.html">http://www.loc.gov/catdir/enhancements/fy0617/2004022861-d.html</a>
942 ## - ADDED ENTRY ELEMENTS (KOHA)
Source of classification or shelving scheme
Koha item type Book
Holdings
Withdrawn status Lost status Source of classification or shelving scheme Damaged status Not for loan Permanent Location Current Location Date acquired Total Checkouts Full call number Barcode Date last seen Date last checked out Price effective from Koha item type
          School of Civil and Environmental Engineering (SCEE) School of Civil and Environmental Engineering (SCEE) 01/31/2020 1 624.17 YAN NIT-1892 09/08/2020 01/31/2020 01/31/2020 Book
© 2023 Central Library, National University of Sciences and Technology. All Rights Reserved.